| 000 | 00505nam a2200181Ia 4500 | ||
|---|---|---|---|
| 999 |
_c30093 _d30093 |
||
| 003 | OSt | ||
| 005 | 20201117093855.0 | ||
| 008 | 190216s9999||||xx |||||||||||||| ||und|| | ||
| 020 | _a9789383756216 | ||
| 040 | _coclc | ||
| 082 |
_a894.8123 _bNAS/M |
||
| 100 |
_a Nasser, Fathiya _96636 |
||
| 245 | 0 |
_aMughavastram / _cFathiya Nasser |
|
| 260 |
_bOlive Publications, _c2014. _aKozhikode: |
||
| 300 | _a89p | ||
| 650 | _aNovel | ||
| 942 |
_cBK _2ddc _h894.8123 _iNAS/M _k894.8123 _mNAS/M |
||